[Event "GER-ch Rapid Women 2020"]
[Site "Plochingen"]
[Date "2020.09.19"]
[Round "2.2"]
[White "Frey, Alisa"]
[Black "Papp, Sarah"]
[Result "1/2-1/2"]
[WhiteElo "2087"]
[BlackElo "2327"]
[Annotator "ChessBase"]
[PlyCount "87"]
[EventDate "2020.09.19"]
[EventType "swiss"]
[EventCountry "GER"]
[SourceTitle "playchess.com"]
[Source "ChessBase"]
[SourceQuality "1"]
[TimeControl "900+10"]

1. e4 {[%emt 0:00:00]} e6 {[%emt 0:00:00]} 2. d4 {[%emt 0:00:00]} d5 {[%emt 0:00:00]} 3. Nc3 {[%emt 0:00:00]} Nf6 {[%emt 0:00:00]} 4. Bg5 {[%emt 0:00:01]} Bb4 {[%emt 0:00:03]} 5. e5 {[%emt 0:00:21]} h6 {[%emt 0:00:03]} 6. Bd2 {[%emt 0:00:19]} Bxc3 {[%emt 0:00:10]} 7. bxc3 {[%emt 0:00:02]} Ne4 {[%emt 0:00:12]} 8. Qg4 {[%emt 0:00:15]} Kf8 {[%emt 0:00:09]} 9. Bd3 {[%emt 0:00:04]} Nxd2 {[%emt 0:00:07]} 10. Kxd2 {[%emt 0:00:03]} c5 {[%emt 0:00:06]} 11. Rb1 {[%emt 0:01:22]} Nc6 {[%emt 0:01:07]} 12. Nf3 {[%emt 0:03:05]} c4 {[%emt 0:01:05]} 13. Be2 {[%emt 0:00:12]} Rb8 {[%emt 0:00:04]} 14. Rb2 {[%emt 0:00:51]} Bd7 {[%emt 0:01:04]} 15. Rhb1 {[%emt 0:00:07]} b6 {[%emt 0:00:19]} 16. h4 {[%emt 0:00:21]} Ne7 {[%emt 0:00:58]} 17. h5 {[%emt 0:00:55]} a5 {[%emt 0:02:31]} 18. Qf4 {[%emt 0:01:30]} Kg8 {[%emt 0:04:08]} 19. g4 {[%emt 0:00:56]} Be8 {[%emt 0:01:40]} 20. Rg1 {[%emt 0:00:43]} b5 {[%emt 0:00:14]} 21. Qg3 {[%emt 0:03:38]} b4 {[%emt 0:00:39]} 22. Rgb1 {[%emt 0:00:11]} Nc6 {[%emt 0:01:21]} 23. Ng1 {[%emt 0:01:25]} Rc8 {[%emt 0:01:32]} 24. Nh3 {[%emt 0:00:24]} Qe7 {[%emt 0:00:25]} 25. Ke1 {[%emt 0:00:55]} Rh7 {[%emt 0:00:20]} 26. Kf1 {[%emt 0:00:18]} g6 {[%emt 0:00:26]} 27. hxg6 {[%emt 0:00:27]} fxg6 {[%emt 0:00:01]} 28. Kg2 {[%emt 0:00:15]} g5 {[%emt 0:00:08]} 29. f4 {[%emt 0:00:20]} Bg6 {[%emt 0:00:02]} 30. Rf1 {[%emt 0:00:13]} Be4+ {[%emt 0:00:07]} 31. Kh2 {[%emt 0:00:18]} Rf8 {[%emt 0:00:02]} 32. Bf3 {[%emt 0:00:18]} Bxf3 {[%emt 0:00:43]} 33. Rxf3 {[%emt 0:00:03]} Rhf7 {[%emt 0:00:04]} 34. Rb1 {[%emt 0:00:25]} bxc3 {[%emt 0:00:02]} 35. Qf2 {[%emt 0:00:06]} Qa7 {[%emt 0:00:41]} 36. Rf1 {[%emt 0:00:20]} Qxd4 {[%emt 0:00:00]} 37. Qg3 {[%emt 0:00:12]} Kg7 {[%emt 0:00:03]} 38. fxg5 {[%emt 0:00:07]} Rxf3 {[%emt 0:00:05]} 39. gxh6+ {[%emt 0:00:03]} Kxh6 {[%emt 0:00:06]} 40. Qh4+ {[%emt 0:00:10]} Kg7 {[%emt 0:00:10]} 41. Qg5+ {[%emt 0:00:01]} Kh7 {[%emt 0:00:05]} 42. Qh5+ {[%emt 0:00:02]} Kg7 {[%emt 0:00:02]} 43. Qg5+ {[%emt 0:00:01]} Kh7 {[%emt 0:00:01]} 44. Qh5+ {[%emt 0:00:01]} 1/2-1/2

[Event "GER-ch Rapid Women 2020"]
[Site "Plochingen"]
[Date "2020.09.19"]
[Round "2.3"]
[White "Birkholz, Olga"]
[Black "Muetsch, Annmarie"]
[Result "0-1"]
[WhiteElo "2018"]
[BlackElo "2226"]
[Annotator "ChessBase"]
[PlyCount "69"]
[EventDate "2020.09.19"]
[EventType "swiss"]
[EventCountry "GER"]
[SourceTitle "playchess.com"]
[Source "ChessBase"]
[SourceQuality "1"]
[TimeControl "900+10"]

1. d4 {[%emt 0:00:00]} d6 {[%emt 0:00:00]} 2. Nc3 {[%emt 0:00:00]} Nf6 {[%emt 0:00:11]} 3. Bf4 {[%emt 0:00:00]} Nbd7 {[%emt 0:00:08]} 4. e3 {[%emt 0:00:00]} e5 {[%emt 0:00:06]} 5. Bg3 {[%emt 0:00:08]} Be7 {[%emt 0:00:23]} 6. Bc4 {[%emt 0:00:18]} O-O {[%emt 0:01:15]} 7. Nf3 {[%emt 0:00:55]} e4 {[%emt 0:01:35]} 8. Nd2 {[%emt 0:02:27]} Nb6 {[%emt 0:00:22]} 9. Bb3 {[%emt 0:00:01]} Bf5 {[%emt 0:00:46]} 10. Qe2 {[%emt 0:00:29]} d5 {[%emt 0:01:25]} 11. O-O-O {[%emt 0:01:39]} a5 {[%emt 0:00:11]} 12. a4 {[%emt 0:00:08]} Bb4 {[%emt 0:00:46]} 13. Nb5 {[%emt 0:02:26]} Ne8 {[%emt 0:00:49]} 14. c3 {[%emt 0:00:30]} Be7 {[%emt 0:00:10]} 15. c4 {[%emt 0:00:30]} c6 {[%emt 0:01:11]} 16. Nc3 {[%emt 0:00:08]} Bb4 {[%emt 0:00:14]} 17. c5 {[%emt 0:02:15]} Nd7 {[%emt 0:01:06]} 18. Na2 {[%emt 0:00:36]} b6 {[%emt 0:00:27]} 19. cxb6 {[%emt 0:01:10]} Qxb6 {[%emt 0:00:43]} 20. Bc2 {[%emt 0:00:43]} Nd6 {[%emt 0:00:56]} 21. Nxb4 {[%emt 0:00:14]} Qxb4 {[%emt 0:00:08]} 22. Bxd6 {[%emt 0:00:28]} Qxd6 {[%emt 0:00:03]} 23. Kb1 {[%emt 0:00:35]} Rfb8 {[%emt 0:00:55]} 24. g4 {[%emt 0:01:20]} Be6 {[%emt 0:00:09]} 25. f4 {[%emt 0:00:33]} f5 {[%emt 0:01:15]} 26. gxf5 {[%emt 0:00:17]} Bxf5 {[%emt 0:00:02]} 27. Qh5 {[%emt 0:00:18]} g6 {[%emt 0:00:57]} 28. Rhg1 {[%emt 0:00:28]} Kh8 {[%emt 0:01:22]} 29. Qe2 {[%emt 0:00:22]} Qa3 {[%emt 0:00:16]} 30. Bb3 {[%emt 0:00:20]} Rxb3 {[%emt 0:00:15]} 31. Nxb3 {[%emt 0:00:01]} Qxb3 {[%emt 0:00:02]} 32. Rc1 {[%emt 0:00:38]} Nb6 {[%emt 0:01:03]} 33. Rxc6 {[%emt 0:00:13]} Nc4 {[%emt 0:00:18]} 34. Re1 {[%emt 0:00:14]} Rb8 {[%emt 0:00:13]} 35. Rc5 {[%emt 0:00:19]} 0-1

[Event "GER-ch Rapid Women 2020"]
[Site "Plochingen"]
[Date "2020.09.19"]
[Round "2.4"]
[White "Osmanodja, Filiz"]
[Black "Roesler, Hannah Clara"]
[Result "1-0"]
[WhiteElo "2256"]
[BlackElo "1708"]
[Annotator "ChessBase"]
[PlyCount "59"]
[EventDate "2020.09.19"]
[EventType "swiss"]
[EventCountry "GER"]
[SourceTitle "playchess.com"]
[Source "ChessBase"]
[SourceQuality "1"]
[TimeControl "900+10"]

1. e4 {[%emt 0:00:00]} c5 {[%emt 0:00:00]} 2. Nc3 {[%emt 0:00:00]} Nc6 {[%emt 0:00:00]} 3. Nf3 {[%emt 0:00:00]} g6 {[%emt 0:00:02]} 4. d4 {[%emt 0:00:00]} cxd4 {[%emt 0:00:02]} 5. Nxd4 {[%emt 0:00:00]} Bg7 {[%emt 0:00:13]} 6. Be3 {[%emt 0:00:04]} Nf6 {[%emt 0:00:03]} 7. Bc4 {[%emt 0:00:02]} O-O {[%emt 0:00:05]} 8. Bb3 {[%emt 0:00:05]} d6 {[%emt 0:00:29]} 9. f3 {[%emt 0:00:04]} Bd7 {[%emt 0:00:25]} 10. Qd2 {[%emt 0:00:24]} Nxd4 {[%emt 0:00:21]} 11. Bxd4 {[%emt 0:00:07]} b5 {[%emt 0:00:05]} 12. O-O {[%emt 0:01:03]} a5 {[%emt 0:00:42]} 13. a4 {[%emt 0:00:14]} b4 {[%emt 0:01:26]} 14. Nd5 {[%emt 0:00:35]} Nxd5 {[%emt 0:00:27]} 15. exd5 {[%emt 0:01:42]} Rb8 {[%emt 0:01:51]} 16. Rfe1 {[%emt 0:00:26]} Re8 {[%emt 0:00:32]} 17. Bxg7 {[%emt 0:00:57]} Kxg7 {[%emt 0:00:02]} 18. Re4 {[%emt 0:00:07]} Qb6+ {[%emt 0:01:09]} 19. Kh1 {[%emt 0:00:10]} Bf5 {[%emt 0:00:58]} 20. Rh4 {[%emt 0:00:17]} Rh8 {[%emt 0:01:05]} 21. Re1 {[%emt 0:00:35]} Rb7 {[%emt 0:00:42]} 22. Bc4 {[%emt 0:06:15]} Rc7 {[%emt 0:02:52]} 23. b3 {[%emt 0:00:01]} f6 {[%emt 0:01:36]} 24. g4 {[%emt 0:01:11]} Bc8 {[%emt 0:00:33]} 25. Qh6+ {[%emt 0:01:15]} Kf7 {[%emt 0:00:33]} 26. Bd3 {[%emt 0:00:21]} f5 {[%emt 0:02:25]} 27. gxf5 {[%emt 0:00:23]} Qf2 {[%emt 0:00:36]} 28. fxg6+ {[%emt 0:00:22]} hxg6 {[%emt 0:00:07]} 29. Qxg6+ {[%emt 0:00:05]} Kf8 {[%emt 0:00:07]} 30. Rxh8# {[%emt 0:00:12]} 1-0

[Event "GER-ch Rapid Women 2020"]
[Site "Plochingen"]
[Date "2020.09.19"]
[Round "2.5"]
[White "Stangl, Anita"]
[Black "Burchardt, Brigitte"]
[Result "1-0"]
[WhiteElo "2005"]
[BlackElo "2113"]
[Annotator "ChessBase"]
[PlyCount "65"]
[EventDate "2020.09.19"]
[EventType "swiss"]
[EventCountry "GER"]
[SourceTitle "playchess.com"]
[Source "ChessBase"]
[SourceQuality "1"]
[TimeControl "900+10"]

1. e4 {[%emt 0:00:00]} c5 {[%emt 0:00:00]} 2. Nf3 {[%emt 0:00:00]} d6 {[%emt 0:00:00]} 3. d4 {[%emt 0:00:00]} cxd4 {[%emt 0:00:00]} 4. Nxd4 {[%emt 0:00:00]} Nf6 {[%emt 0:00:00]} 5. Nc3 {[%emt 0:00:00]} a6 {[%emt 0:00:00]} 6. Bc4 {[%emt 0:00:00]} e6 {[%emt 0:00:00]} 7. a3 {[%emt 0:00:00]} Be7 {[%emt 0:00:00]} 8. Nde2 {[%emt 0:00:00]} Qc7 {[%emt 0:00:08]} 9. Ba2 {[%emt 0:00:04]} b5 {[%emt 0:00:05]} 10. O-O {[%emt 0:00:07]} Bb7 {[%emt 0:00:01]} 11. Ng3 {[%emt 0:00:21]} O-O {[%emt 0:00:21]} 12. f4 {[%emt 0:00:07]} Nbd7 {[%emt 0:00:34]} 13. f5 {[%emt 0:00:04]} e5 {[%emt 0:00:34]} 14. Bg5 {[%emt 0:00:22]} Nb6 {[%emt 0:00:33]} 15. Bxf6 {[%emt 0:00:36]} Bxf6 {[%emt 0:00:03]} 16. Nh5 {[%emt 0:00:16]} Qe7 {[%emt 0:02:03]} 17. Qg4 {[%emt 0:00:25]} Kh8 {[%emt 0:00:01]} 18. Rad1 {[%emt 0:00:13]} Rac8 {[%emt 0:00:11]} 19. Rd3 {[%emt 0:00:30]} Nc4 {[%emt 0:00:36]} 20. Bxc4 {[%emt 0:00:31]} Rxc4 {[%emt 0:00:01]} 21. Rfd1 {[%emt 0:00:10]} Rd8 {[%emt 0:00:25]} 22. Qe2 {[%emt 0:00:50]} Bg5 {[%emt 0:00:21]} 23. Nd5 {[%emt 0:01:14]} Bxd5 {[%emt 0:00:44]} 24. Rxd5 {[%emt 0:00:02]} g6 {[%emt 0:00:15]} 25. fxg6 {[%emt 0:00:25]} fxg6 {[%emt 0:00:02]} 26. Ng3 {[%emt 0:00:08]} Bf4 {[%emt 0:00:22]} 27. Nf1 {[%emt 0:00:13]} Bh6 {[%emt 0:00:26]} 28. Qd3 {[%emt 0:00:16]} Bf8 {[%emt 0:00:06]} 29. Ne3 {[%emt 0:00:19]} Rc6 {[%emt 0:00:04]} 30. Ng4 {[%emt 0:00:12]} Qg5 {[%emt 0:00:18]} 31. Nxe5 {[%emt 0:00:12]} dxe5 {[%emt 0:00:50]} 32. Rxd8 {[%emt 0:00:01]} Kg7 {[%emt 0:00:01]} 33. Qd7+ {[%emt 0:00:03]} 1-0

[Event "GER-ch Rapid Women 2020"]
[Site "Plochingen"]
[Date "2020.09.19"]
[Round "2.6"]
[White "Voicu-Jagodzinsky, Carmen"]
[Black "Gheng, Simona"]
[Result "0-1"]
[WhiteElo "2247"]
[BlackElo "2014"]
[Annotator "ChessBase"]
[PlyCount "72"]
[EventDate "2020.09.19"]
[EventType "swiss"]
[EventCountry "GER"]
[SourceTitle "playchess.com"]
[Source "ChessBase"]
[SourceQuality "1"]
[TimeControl "900+10"]

1. Nf3 {[%emt 0:00:00]} c5 {[%emt 0:00:00]} 2. c4 {[%emt 0:00:29]} Nf6 {[%emt 0:00:02]} 3. g3 {[%emt 0:00:06]} d6 {[%emt 0:00:05]} 4. Bg2 {[%emt 0:00:18]} g6 {[%emt 0:00:02]} 5. O-O {[%emt 0:00:33]} Bg7 {[%emt 0:00:03]} 6. Nc3 {[%emt 0:00:32]} Nc6 {[%emt 0:00:12]} 7. d3 {[%emt 0:01:24]} O-O {[%emt 0:00:07]} 8. Rb1 {[%emt 0:00:26]} Rb8 {[%emt 0:00:37]} 9. a3 {[%emt 0:00:08]} a5 {[%emt 0:01:15]} 10. e3 {[%emt 0:00:44]} Bg4 {[%emt 0:00:21]} 11. h3 {[%emt 0:00:03]} Bd7 {[%emt 0:00:02]} 12. Qe2 {[%emt 0:00:55]} Ne5 {[%emt 0:01:25]} 13. Nxe5 {[%emt 0:00:20]} dxe5 {[%emt 0:00:01]} 14. Bd2 {[%emt 0:03:58]} Qc7 {[%emt 0:00:10]} 15. b4 {[%emt 0:01:02]} b6 {[%emt 0:00:12]} 16. b5 {[%emt 0:00:04]} Rfd8 {[%emt 0:00:08]} 17. Rbd1 {[%emt 0:00:08]} Bf5 {[%emt 0:00:11]} 18. e4 {[%emt 0:01:37]} Bc8 {[%emt 0:00:03]} 19. Kh2 {[%emt 0:01:14]} Bb7 {[%emt 0:00:31]} 20. f4 {[%emt 0:00:34]} Nh5 {[%emt 0:00:05]} 21. f5 {[%emt 0:00:04]} Qd6 {[%emt 0:01:04]} 22. Be3 {[%emt 0:00:39]} e6 {[%emt 0:00:27]} 23. fxg6 {[%emt 0:01:09]} hxg6 {[%emt 0:00:04]} 24. Bf3 {[%emt 0:00:33]} Nf6 {[%emt 0:01:38]} 25. Qf2 {[%emt 0:00:15]} Rd7 {[%emt 0:01:12]} 26. g4 {[%emt 0:01:01]} Rbd8 {[%emt 0:01:15]} 27. g5 {[%emt 0:00:01]} Nh7 {[%emt 0:00:50]} 28. Ne2 {[%emt 0:00:01]} Qe7 {[%emt 0:00:13]} 29. Nc1 {[%emt 0:00:23]} Nxg5 {[%emt 0:00:23]} 30. Be2 {[%emt 0:00:08]} f5 {[%emt 0:00:46]} 31. Rg1 {[%emt 0:00:10]} f4 {[%emt 0:00:25]} 32. Bd2 {[%emt 0:00:06]} Nxe4 {[%emt 0:00:23]} 33. dxe4 {[%emt 0:00:07]} Rxd2 {[%emt 0:00:02]} 34. Rxd2 {[%emt 0:00:11]} Rxd2 {[%emt 0:00:01]} 35. Rxg6 {[%emt 0:00:27]} Bxe4 {[%emt 0:00:06]} 36. Qe1 {[%emt 0:00:30]} Rxe2+ {[%emt 0:00:10]} 0-1

[Event "GER-ch Rapid Women 2020"]
[Site "Plochingen"]
[Date "2020.09.19"]
[Round "3.1"]
[White "Osmanodja, Filiz"]
[Black "Paehtz, Elisabeth"]
[Result "0-1"]
[WhiteElo "2256"]
[BlackElo "2472"]
[Annotator "RC"]
[PlyCount "140"]
[EventDate "2020.09.19"]
[EventType "swiss"]
[EventCountry "GER"]
[SourceTitle "playchess.com"]
[Source "ChessBase"]
[SourceQuality "1"]
[TimeControl "900+10"]

1. e4 {[%emt 0:00:00]} c5 {[%emt 0:00:00]} 2. Nc3 {[%emt 0:00:00]} d6 {[%emt 0:00:15]} 3. Nf3 {[%emt 0:00:00]} a6 {[%emt 0:00:04]} 4. d4 {[%emt 0:00:08]} cxd4 {[%emt 0:00:02]} 5. Nxd4 {[%emt 0:00:01]} e6 {[%emt 0:00:19]} 6. Be2 {[%emt 0:00:40]} b5 {[%emt 0:00:22]} 7. a4 {[%emt 0:00:47]} b4 {[%emt 0:00:05]} 8. Na2 {[%emt 0:00:02]} Nf6 {[%emt 0:00:11]} 9. Bf3 {[%emt 0:01:14]} e5 {[%emt 0:00:48]} 10. Nb3 {[%emt 0:01:23]} Nc6 {[%emt 0:00:16]} 11. O-O {[%emt 0:01:16]} Be6 {[%emt 0:00:25]} 12. c3 {[%emt 0:02:58]} Rb8 {[%emt 0:01:59]} 13. cxb4 {[%emt 0:02:51]} Nxb4 {[%emt 0:00:02]} 14. Nxb4 {[%emt 0:00:25]} Rxb4 {[%emt 0:00:03]} 15. Nd2 {[%emt 0:00:01]} Be7 {[%emt 0:00:11]} 16. b3 {[%emt 0:00:50]} Qb8 {[%emt 0:01:19]} 17. Rb1 {[%emt 0:00:22]} O-O {[%emt 0:01:04]} 18. Ba3 {[%emt 0:00:30]} Rb7 {[%emt 0:00:05]} 19. Be2 {[%emt 0:01:28]} Qa7 {[%emt 0:00:10]} 20. Bc4 {[%emt 0:01:57]} Bxc4 {[%emt 0:00:45]} 21. bxc4 {[%emt 0:00:01]} Rfb8 {[%emt 0:01:20]} 22. Rxb7 {[%emt 0:00:02]} Rxb7 {[%emt 0:00:08]} 23. Qc2 {[%emt 0:00:01]} Qd4 {[%emt 0:00:26]} 24. Rd1 {[%emt 0:00:22]} h6 {[%emt 0:00:45]} 25. h3 {[%emt 0:00:10]} Bf8 {[%emt 0:01:03]} 26. a5 {[%emt 0:00:13]} Be7 {[%emt 0:00:18]} 27. Kf1 {[%emt 0:00:21]} g6 {[%emt 0:00:38]} 28. Kg1 {[%emt 0:00:51]} Kg7 {[%emt 0:00:02]} 29. Bc1 {[%emt 0:00:17]} Qc5 {[%emt 0:00:12]} 30. Bb2 {[%emt 0:00:31]} Qxa5 {[%emt 0:00:29]} 31. Bc3 {[%emt 0:00:05]} Qc5 {[%emt 0:00:06]} 32. Ra1 {[%emt 0:00:08]} Qc6 {[%emt 0:00:49]} 33. f4 {[%emt 0:00:12]} exf4 {[%emt 0:00:57]} 34. Rf1 {[%emt 0:00:01]} Qc5+ {[%emt 0:00:24]} 35. Kh2 {[%emt 0:00:07]} g5 {[%emt 0:01:13]} 36. Nb3 {[%emt 0:00:02]} Qc8 {[%emt 0:00:53]} 37. Nd4 {[%emt 0:00:32]} Qxc4 {[%emt 0:00:12]} 38. Nf5+ {[%emt 0:00:11]} Kf8 {[%emt 0:00:02]} 39. Re1 {[%emt 0:00:12]} Rc7 {[%emt 0:00:29]} 40. Nxe7 {[%emt 0:00:09]} Qxc3 {[%emt 0:00:07]} 41. Qxc3 {[%emt 0:00:12]} Rxc3 {[%emt 0:00:01]} 42. Nf5 {[%emt 0:00:05]} Rc4 {[%emt 0:00:28]} 43. Nxd6 {[%emt 0:00:05]} Rd4 {[%emt 0:00:01]} 44. e5 {[%emt 0:00:02]} Nd5 {[%emt 0:00:12]} 45. Rb1 {[%emt 0:00:09]} Ne3 {[%emt 0:00:09]} 46. Rb7 {[%emt 0:00:29]} Rd1 {[%emt 0:00:42]} 47. Rb8+ {[%emt 0:00:14]} Kg7 {[%emt 0:00:03]} 48. h4 {[%emt 0:00:06]} g4 {[%emt 0:00:10]} 49. g3 {[%emt 0:00:15]} Rd2+ {[%emt 0:00:20]} 50. Kg1 {[%emt 0:00:01]} fxg3 {[%emt 0:00:05]} 51. Rb1 {[%emt 0:00:15]} Kg6 {[%emt 0:00:33]} 52. Ne4 {[%emt 0:00:06]} Rg2+ {[%emt 0:00:17]} 53. Kh1 {[%emt 0:00:01]} Kf5 {[%emt 0:00:16]} 54. e6 {[%emt 0:00:12]} fxe6 {[%emt 0:00:24]} 55. Nd6+ {[%emt 0:00:12]} Kg6 {[%emt 0:00:18]} 56. Re1 {[%emt 0:00:13]} Rh2+ {[%emt 0:00:13]} 57. Kg1 {[%emt 0:00:01]} Rd2 {[%emt 0:00:33]} 58. Ne4 {[%emt 0:00:20]} Rd3 {[%emt 0:00:05]} 59. Nxg3 {[%emt 0:00:18]} Rd1 {[%emt 0:00:03]} 60. h5+ {[%emt 0:00:09]} Kg5 {[%emt 0:00:09]} 61. Rxd1 {[%emt 0:00:11]} Nxd1 {[%emt 0:00:02]} 62. Kf1 {[%emt 0:00:05]} Ne3+ {[%emt 0:00:02]} 63. Ke2 {[%emt 0:00:02]} Nf5 {[%emt 0:00:02]} 64. Ne4+ {[%emt 0:00:17]} Kxh5 {[%emt 0:00:07]} 65. Nc5 {[%emt 0:00:01]} a5 {[%emt 0:00:05]} 66. Nxe6 {[%emt 0:00:03]} a4 {[%emt 0:00:09]} 67. Nc5 {[%emt 0:00:13]} a3 {[%emt 0:00:01]} 68. Nb3 {[%emt 0:00:01]} Kg5 {[%emt 0:00:04]} 69. Kf2 {[%emt 0:00:01]} a2 {[%emt 0:00:03]} 70. Kg2 {[%emt 0:00:12]} h5 {[%emt 0:00:03]} 0-1

[Event "GER-ch Rapid Women 2020"]
[Site "Plochingen"]
[Date "2020.09.19"]
[Round "3.2"]
[White "Muetsch, Annmarie"]
[Black "Stangl, Anita"]
[Result "1-0"]
[WhiteElo "2226"]
[BlackElo "2005"]
[Annotator "ChessBase"]
[PlyCount "55"]
[EventDate "2020.09.19"]
[EventType "swiss"]
[EventCountry "GER"]
[SourceTitle "playchess.com"]
[Source "ChessBase"]
[SourceQuality "1"]
[TimeControl "900+10"]

1. e4 {[%emt 0:00:00]} e6 {[%emt 0:00:00]} 2. d4 {[%emt 0:00:00]} d5 {[%emt 0:00:00]} 3. Nd2 {[%emt 0:00:00]} Nf6 {[%emt 0:00:00]} 4. e5 {[%emt 0:00:00]} Nfd7 {[%emt 0:00:00]} 5. Bd3 {[%emt 0:00:16]} c5 {[%emt 0:00:00]} 6. c3 {[%emt 0:00:01]} Nc6 {[%emt 0:00:00]} 7. Ne2 {[%emt 0:00:01]} Qb6 {[%emt 0:00:00]} 8. Nf3 {[%emt 0:00:09]} cxd4 {[%emt 0:00:03]} 9. cxd4 {[%emt 0:00:02]} f6 {[%emt 0:00:06]} 10. exf6 {[%emt 0:00:04]} Nxf6 {[%emt 0:00:01]} 11. O-O {[%emt 0:00:06]} Bd6 {[%emt 0:00:05]} 12. Nc3 {[%emt 0:00:16]} O-O {[%emt 0:00:08]} 13. Be3 {[%emt 0:00:09]} Bd7 {[%emt 0:01:09]} 14. Qe2 {[%emt 0:00:09]} Rae8 {[%emt 0:00:51]} 15. Rad1 {[%emt 0:01:15]} Bb8 {[%emt 0:00:27]} 16. Bb1 {[%emt 0:02:01]} Re7 {[%emt 0:00:24]} 17. Ne5 {[%emt 0:05:25]} Be8 {[%emt 0:00:47]} 18. Ng4 {[%emt 0:00:24]} Kh8 {[%emt 0:02:37]} 19. Nxf6 {[%emt 0:01:00]} gxf6 {[%emt 0:00:05]} 20. Qg4 {[%emt 0:01:02]} f5 {[%emt 0:02:07]} 21. Qh4 {[%emt 0:00:07]} f4 {[%emt 0:00:29]} 22. Qh6 {[%emt 0:00:28]} Rff7 {[%emt 0:00:36]} 23. Bxh7 {[%emt 0:02:36]} fxe3 {[%emt 0:00:49]} 24. fxe3 {[%emt 0:00:54]} Bxh2+ {[%emt 0:00:27]} 25. Kxh2 {[%emt 0:00:28]} Qc7+ {[%emt 0:02:19]} 26. Kg1 {[%emt 0:00:10]} Qg3 {[%emt 0:00:59]} 27. Bf5+ {[%emt 0:01:04]} Rh7 {[%emt 0:00:47]} 28. Bxh7 {[%emt 0:00:16]} 1-0

[Event "GER-ch Rapid Women 2020"]
[Site "Plochingen"]
[Date "2020.09.19"]
[Round "3.3"]
[White "Papp, Sarah"]
[Black "Birkholz, Olga"]
[Result "1-0"]
[WhiteElo "2327"]
[BlackElo "2018"]
[Annotator "ChessBase"]
[PlyCount "91"]
[EventDate "2020.09.19"]
[EventType "swiss"]
[EventCountry "GER"]
[SourceTitle "playchess.com"]
[Source "ChessBase"]
[SourceQuality "1"]
[TimeControl "900+10"]

1. e4 {[%emt 0:00:00]} b6 {[%emt 0:00:00]} 2. d4 {[%emt 0:00:00]} Bb7 {[%emt 0:00:00]} 3. Bd3 {[%emt 0:00:02]} g6 {[%emt 0:00:00]} 4. c3 {[%emt 0:00:04]} Bg7 {[%emt 0:00:00]} 5. Be3 {[%emt 0:00:03]} d6 {[%emt 0:00:00]} 6. f4 {[%emt 0:00:05]} Nd7 {[%emt 0:00:07]} 7. Nf3 {[%emt 0:00:03]} e6 {[%emt 0:00:02]} 8. O-O {[%emt 0:00:08]} Ne7 {[%emt 0:00:02]} 9. Nbd2 {[%emt 0:00:11]} O-O {[%emt 0:00:10]} 10. Qe1 {[%emt 0:00:14]} f5 {[%emt 0:00:14]} 11. e5 {[%emt 0:00:09]} Nd5 {[%emt 0:00:16]} 12. c4 {[%emt 0:00:45]} Nxe3 {[%emt 0:00:15]} 13. Qxe3 {[%emt 0:00:02]} dxe5 {[%emt 0:00:17]} 14. dxe5 {[%emt 0:00:34]} Nc5 {[%emt 0:00:52]} 15. Bc2 {[%emt 0:00:13]} a5 {[%emt 0:00:05]} 16. b3 {[%emt 0:02:00]} Qe7 {[%emt 0:00:29]} 17. a3 {[%emt 0:00:01]} Rfd8 {[%emt 0:00:21]} 18. Rfd1 {[%emt 0:00:46]} Bf8 {[%emt 0:00:45]} 19. Ng5 {[%emt 0:00:57]} Na6 {[%emt 0:00:49]} 20. Ndf3 {[%emt 0:00:36]} h6 {[%emt 0:00:35]} 21. Nh3 {[%emt 0:00:11]} Qc5 {[%emt 0:00:31]} 22. Nd4 {[%emt 0:01:15]} Kf7 {[%emt 0:01:52]} 23. Nf2 {[%emt 0:00:32]} Rd7 {[%emt 0:01:57]} 24. Rd3 {[%emt 0:02:29]} Qe7 {[%emt 0:00:35]} 25. Nb5 {[%emt 0:00:31]} Rxd3 {[%emt 0:00:34]} 26. Nxd3 {[%emt 0:00:04]} Rd8 {[%emt 0:00:14]} 27. Kh1 {[%emt 0:01:11]} Qd7 {[%emt 0:00:23]} 28. h3 {[%emt 0:01:12]} Nc5 {[%emt 0:01:06]} 29. Rd1 {[%emt 0:01:14]} Nxd3 {[%emt 0:02:40]} 30. Rxd3 {[%emt 0:00:05]} Qc6 {[%emt 0:00:00]} 31. Qg3 {[%emt 0:00:31]} Rxd3 {[%emt 0:00:11]} 32. Bxd3 {[%emt 0:00:02]} Bc5 {[%emt 0:00:08]} 33. Kh2 {[%emt 0:01:04]} Qd7 {[%emt 0:01:35]} 34. h4 {[%emt 0:00:31]} c6 {[%emt 0:00:31]} 35. Nc3 {[%emt 0:00:56]} h5 {[%emt 0:00:13]} 36. Na4 {[%emt 0:00:35]} Bxa3 {[%emt 0:01:05]} 37. Qe3 {[%emt 0:00:47]} Be7 {[%emt 0:01:23]} 38. Nxb6 {[%emt 0:00:27]} Qd8 {[%emt 0:00:13]} 39. c5 {[%emt 0:00:13]} Bxc5 {[%emt 0:00:16]} 40. Qxc5 {[%emt 0:00:03]} Qxd3 {[%emt 0:00:01]} 41. Nc4 {[%emt 0:00:15]} Qd8 {[%emt 0:00:40]} 42. Nd6+ {[%emt 0:00:21]} Kg7 {[%emt 0:00:04]} 43. Kh3 {[%emt 0:00:06]} Ba6 {[%emt 0:00:08]} 44. Qa7+ {[%emt 0:00:04]} Bb7 {[%emt 0:00:28]} 45. Qxb7+ {[%emt 0:00:02]} Kh6 {[%emt 0:00:08]} 46. Nf7+ {[%emt 0:00:02]} 1-0